000 00667nam a2200217 a 4500
999 _c12218
_d12218
001 12218
003 BD-JhCC
005 20210420125846.0
008 210420b1966 bg |||| ||a| 000 0 ben d
035 _a(BD-JhCC)12218
040 _aBD-JhCC
_dBD-JhCC
041 _aBengali
082 _a891.4415
_bYOU 1966
100 _aইউসুফ,মনির উদ্দীন
245 _aকালামের রাগিব /
_cমনির উদ্দীন ইউসুফ ।
260 _aঢাকা:
_bবাংলা একাডেমী;
_c১৯৬৬.
300 _a151 p. :
_c20 cm.
650 _aIslamic Poetry
942 _2ddc
_cBK